00544nam a2200181 450000500170000001000150001702000270003203500140005903700090007308200150008210000140009724501000011125000070021126000490021827000510026730000270031870000170034520240722170043.0 aENG-140930 a9789355010919c1499.00 aEN-124462 bDBAD a574.87214 aVerma, PS aCell Biology, Genetics, Moleculer Biology, Evolution and Ecology/cBy PS Verma [and] VK Agarwal a14 aNew DelhibS Chand And Company Limitedc2022 a7361, Ram Nagar, Qutab RoadbNew Delhie110055 avpp.bIndexc25cm(pbk) aAgarwal, VK